Normal view
MARC view
- México.
Entry Nombre Corporativo
001 - NÚMERO DE CONTROL
- campo de control: 31360
003 - IDENTIFICADOR DE NUMERO DE CONTROL
- campo de control: UPN
005 - FECHA Y HORA DE LA ÜLTIMA TRANSACCIÓN
- campo de control: 20210219194422.0
008 - DATOS DE LONGITUD FIJA
- campo de control de longitud fija: nabaccnnaabn|||||||||| b |nc|||||d
035 ## - NÚMERO DE CONTROL
- Número de control: UPN11000003466
040 ## - FUENTE DE CATALOGACIÓN
- Lenguaje de catalogación: SPA
- Agencia transcribe: UPN
053 #4 - NÚMERO DE CLASIFICACIÓN LC
- Classification number element--single number or beginning number of span: L227 D9.1
110 1# - ENCABEZAMIENTO - NOMBRE CORPORATIVO
- Nombre corporativo o de jurisdicción como elemento de entrada : México.
- Unidad subordinada: Dirección General de Información y Difusión
410 1# - MENCIÓN DE REFERENCIA “VÉASE” – NOMBRE DE ENTIDAD CORPORATIVA
- Corporate name or jurisdiction name as entry element: México.
- Subordinate unit: Secretaría de Educación Pública.
- Subordinate unit: Dirección General de Información y Difusión
670 ## - FUENTE EN LA QUE SE LOCALIZARON DATOS
- Cita de la fuente : T
- Información localizada: Plan nacional de educación para adultos : nuevo paso en la apertura y democratización del conocimiento
902 ## - CATALOGADOR
- Catalogador: CAA/260911
